000 01570cam a22004217a 4500
003 CHAP
005 20250515062728.0
008 971126d1997 mx r 00110 spa d
010 _a74523
011 _a75495
035 _a85059
040 _cCHAP
090 _aTesis
100 0 0 _aGarcía Jiménez, Jaime.
_946160
245 1 0 _aIndivisibilidad, interdependencia y los problemas de racionamiento de capital en la evaluación de inversiones agrícolas
_c/por Jaime García Jiménez
260 _aChapingo, Méx. :
_bEl autor,
_c1997.
300 _a53 h.
502 _aTesis (Ing. Agr. Esp. en Economía Agrícola) -- UACH. Departamento de Economía Agrícola
590 _aALEPH
_b10
_c20130110
_lUCH01
_h1419
590 _aBATCH-UPD
_b10
_c20130109
_lUCH01
_h2331
590 _aBATCH-UPD
_b10
_c20130110
_lUCH01
_h0700
590 _aBATCH-UPD
_b10
_c20130410
_lUCH01
_h0345
590 _aBATCH-UPD
_b10
_c20130914
_lUCH01
_h0840
590 _aCONVERSION
_b10
_c20130109
_lUCH01
_h1341
650 1 4 _aCapital en agricultura.
_918710
650 1 4 _aInversiones
_zMéxico.
_960189
650 1 4 _aValor.
_9117667
650 2 4 _aFrijol
_xCostos de producción.
_943355
650 2 7 _aMaíz
_xCostos de producción
_2
_970915
650 2 4 _aTomate verde
_xCostos de producción.
_9113803
650 2 4 _aTomate
_xCostos de producción.
_9113701
650 2 4 _aTrigo
_xCostos de producción.
_9115000
901 _aBK
905 _aLilia Sánchez G.
942 _cFOLL
949 _bBC
_cTES
_d33724000638839
_eTS2
_fc.2
_h31706
_i85059
_si
949 _bBC
_cTES
_d850591
_eTS1
_h31705
_i85059
_sb
999 _c74523
_d74523